Miasta Górnośląsko-Zagłębiowskiej Metropolii - Statystyki

Ogólne statystyki
  • Ten quiz został rozwiązany 339 razy
  • Średni wynik to 19 z 41
Statystyki odpowiedzi
Pierwsza litera Odpowiedź % Poprawnych
K Katowice
96%
B Bytom
93%
Z Zabrze
91%
G Gliwice
90%
C Chorzów
88%
D Dąbrowa Górnicza
88%
S Sosnowiec
86%
T Tychy
80%
R Ruda Śląska
79%
B Będzin
78%
M Mysłowice
71%
S Siemianowice Śląskie
70%
Ś Świętochłowice
66%
T Tarnowskie Góry
65%
P Piekary Śląskie
62%
C Czeladź
61%
M Mikołów
59%
B Bieruń
50%
K Knurów
45%
L Lędziny
42%
R Radzionków
41%
I Imielin
39%
Ł Łaziska Górne
34%
W Wojkowice
33%
P Pyskowice
32%
S Siewierz
30%
S Sławków
24%
B Bobrowniki
21%
K Kobiór
21%
Ś Świerklaniec
20%
W Wyry
19%
G Gierałtowice
18%
C Chełm Śląski
17%
O Ożarowice
17%
P Psary
16%
B Bojszowy
15%
M Mierzęcice
15%
Z Zbrosławice
15%
P Pilchowice
10%
S Sośniowice
5%
R Rudzieniec
3%
Nie znaleziono quizów pasujących do podanych kryteriów
Rozkład punktacji
Procent ludzi z każdym wynikiem
Percentyl według liczby udzielonych odpowiedzi
Twoja historia wyników
Nie rozwiązałeś tego quizu